Mega-Sorting Gallery: Sports Quiz Stats

 Plays Quiz Updated Aug 2, 2019

Score 0/100 Timer 10:00
22 Plays Today
% Correct
Australian Open
95.8%
Wimbledon
95.6%
US Open
95%
French Open
94.9%
Point Guard
94.1%
Center
94.1%
Shooting Guard
93%
Ski Jumping
92.8%
Power Forward
92.7%
Curling
92.4%
Figure Skating
92.2%
Small Forward
92.1%
Swimming
91.8%
Speed Skating
91.7%
Snowboard
91.6%
Boxing
91.4%
Archery
91.4%
Fencing
91.2%
Manchester United
90.9%
Bobsleigh
90.7%
Table Tennis
89.9%
Badminton
89.6%
Argentina
88.9%
Track and Field
88.8%
Weightlifting
88.8%
Chelsea
88.5%
Spike
88.4%
Liverpool
88.3%
Arsenal
88.3%
Phillies
87.7%
Luge
87.5%
Putter
87.4%
Iron
86.7%
Equestrian
86.3%
% Correct
Billiards
86.3%
Judo
86%
England
85.9%
Pool
85.8%
Tottenham Hotspur
85.5%
Pirates
85.4%
Hulk Hogan
85.2%
Joe DiMaggio
85.1%
Dig
85.1%
Penguins
84.9%
Block
84.7%
76ers
84.4%
Blue Jays
84.3%
Spare
84.2%
John Cena
84.1%
Italy
84%
The Rock
84%
Eagles
84%
The Undertaker
83.7%
Everton
83.5%
Babe Ruth
83.4%
Skeleton
83.3%
Steelers
83.2%
Randy Savage
82.9%
Blackhawks
82.7%
Wood
82.6%
Brazil
82.5%
India
82.4%
Bangladesh
82.3%
West Germany
82.2%
Australia
82.1%
Snooker
81.9%
Canadiens
81.3%
South Africa
81.3%
% Correct
Afghanistan
81.1%
Maple Leafs
81%
Flyers
80.8%
New Zealand
80.2%
Uruguay
80.2%
Pakistan
80.1%
Sri Lanka
80.1%
Bruins
79.6%
Steve Austin
79.3%
Emmitt Smith
78.8%
Red Wings
78.3%
Jayhawks
77.6%
Jerry Rice
77.4%
Mickey Mantle
77.3%
Lou Gehrig
77.1%
Dick LeBeau
75.6%
Sweden
75.5%
Rangers
75.1%
Wildcats
73.9%
Zimbabwe
73.2%
Hungary
70.1%
Hybrid
69.7%
Rickey Jackson
67.7%
Czechoslovakia
67.5%
Bret Hart
66.6%
John Randle
65.9%
Casey Stengel
62.1%
Russ Grimm
61.5%
Eddy Merckx
61.3%
Floyd Little
59.1%
Turkey
57.8%
Yokozuna
42.4%

You're not logged in!

Compare scores with friends on all Sporcle quizzes.
OR
Log In

Sporcle TV

Today on Sporcle TV


Watch our educational content, quiz creation guides, and fun videos on Sporcle TV.

Show Comments

Extras

Top Quizzes Today


Score Distribution

Your Account Isn't Verified!

In order to create a playlist on Sporcle, you need to verify the email address you used during registration. Go to your Sporcle Settings to finish the process.

Report this User

Report this user for behavior that violates our Community Guidelines.

Details: